Every Lana Del Rey Song - Statistics

General Stats
  • This quiz has been taken 8 times
  • The average score is 68 of 145
Answer Stats
Hint Answer % Correct
2 Blue Banisters
100%
1 Born To Die
100%
3 Cola
100%
2 Lust For Life (with The Weeknd)
100%
1 Norman fucking Rockwell
100%
2 Ultraviolence
100%
3 Blue Jeans
80%
9 Carmen
80%
4 Cherry
80%
7 Cinnamon Girl
80%
5 Doin' Time
80%
10 God Bless America - And All The Beautiful Women In It
80%
1 Honeymoon
80%
14 Lolita
80%
1 Love
80%
6 Love Song
80%
6 National Anthem
80%
2 Off To The Races
80%
2020 Summertime
80%
11 Summertime Sadness
80%
1 The Grants
80%
11 The Other Woman
80%
12 This Is What Makes Us Girls
80%
4 Video Games
80%
3 13 Beaches
60%
2 American
60%
3 Arcadia
60%
7 Beautiful
60%
12 Beautiful People Beautiful Problems (feat. Stevie Nicks)
60%
8 Bel Air
60%
5 Black Bathing Suit
60%
12 Black Beauty
60%
14 Cherry Blossom
60%
1 Cruel World
60%
7 Dark Paradise
60%
9 Dealer
60%
2 Did you know that there's a tunnel under Ocean Blvd
60%
5 Diet Mountain Dew
60%
14 Florida Kilos
60%
11 For Free
60%
9 Fucked My Way Up To The Top
60%
16 Get Free
60%
13 Guns And Roses
60%
13 Happiness is a butterfly
60%
14 hope is a dangerous thing for a woman like me to have - but I have it
60%
8 How to disappear
60%
4 Interlude - The Trio
60%
8 Kintsugi
60%
4 Let Me Love You Like A Woman
60%
13 Margaret (feat. Bleachers)
60%
2 Mariners Apartment Complex
60%
10 Million Dollar Man
60%
8 Money Power Glory
60%
2 Music To Watch Boys To
60%
10 Old Money
60%
15 Peppers (feat. Tommy Genesis)
60%
7 Pretty When You Cry
60%
1 Ride
60%
6 Sad Girl
60%
3 Shades Of Cool
60%
3 Sweet
60%
15 Sweet Carolina
60%
1 Text Book
60%
11 The greatest
60%
10 The Next Best American Record
60%
13 Tomorrow Never Came (feat. Sean Ono Lennon)
60%
3 Venice Bitch
60%
5 White Mustang
60%
7 Yayo
60%
8 Yosemite
60%
2013 Young and Beautiful
60%
12 24
40%
4 A&W
40%
12 Bartender
40%
5 Blue Velvet
40%
4 Body Electric
40%
4 Brooklyn Baby
40%
9 Burning Desire
40%
9 California
40%
6 Candy Necklace (feat. Jon Batiste)
40%
15 Change
40%
2 Chemtrails Over The Country Club
40%
9 Coachella - Woodstock In My Mind
40%
6 Dark But Just A Game
40%
14 Don't Let Me Be Misunderstood
40%
9 Fingertips
40%
4 Fuck it I love you
40%
4 God Knows I Tried
40%
6 Gods & Monsters
40%
11 Grandfather please stand on the shoulders of my father while he's deep-sea fishing (feat. RIOPY)
40%
7 Groupie Love (feat. A$AP Rocky)
40%
14 Heroin
40%
5 High By The Beach
40%
6 If You Lie Down With Me
40%
8 In My Feelings
40%
5 Judah Smith Interlude
40%
12 Let The Light In (feat. Father John Misty)
40%
15 Lucky Ones
40%
7 Not All Who Wander Are Lost
40%
8 Radio
40%
9 Religion
40%
10 Salvatore
40%
6 Summer Bummer (feat. A$AP Rocky & Playboi Carti)
40%
13 Swan Song
40%
16 Taco Truck x VB
40%
3 Terrence Loves You
40%
11 The Blackest Day
40%
10 Thunder
40%
8 Violets for Roses
40%
5 West Coast
40%
1 White Dress
40%
5 Wild At Heart
40%
13 Without You
40%
7 Art Deco
20%
9 Breaking Up Slowly
20%
8 Burnt Norton - Interlude
20%
10 Dance Till We Die
20%
14 Fishtail
20%
6 Freak
20%
2025 Henry, come on
20%
7 Jon Batiste Interlude
20%
13 Living Legend
20%
12 Nectar Of The Gods
20%
10 Paris, Texas (feat. SYML)
20%
2023 Say Yes To Heaven
20%
3 Tulsa Jesus Freak
20%
11 When The World Was At War We Kept Dancing
20%
11 Wildflower Wildfire
20%
2025 Bluebird
0%
2023 Blue Skies
0%
2022 Buddy's Rendezvous (ft. Father John Misty)
0%
2022 Dayglo Reflection - Orchestral Version (ft. Bobby Womack)
0%
2018 God Save Our Young Blood (ft. BORNS)
0%
2020 Hallucinogenics (ft. Matt Maeson)
0%
2023 Hollywood Bowl (ft. Rob Grant)
0%
2019 Looking For America
0%
2023 Lost At Sea (ft. Rob Grant)
0%
2014 Once Upon a Dream
0%
2019 Season Of The Witch
0%
2023 Suburban House (ft. Holly Macve)
0%
2023 Take Me Home, Country Roads
0%
2024 Tough (ft. Quavo)
0%
2022 Watercolor Eyes
0%
2026 White Feather Hawk Tail Deer Hunter
0%
2018 You Must Love Me (ft. Andrew Lloyd Webber)
0%
No matching quizzes found
Score Distribution
Percent of People with Each Score
Percentile by Number Answered
Your Score History
You have not taken this quiz